Impact of the 2010 rating revaluation (Record no. 108222)

MARC details
000 -LEADER
fixed length control field 01188cad a22002055a 4500
001 - CONTROL NUMBER
control field L143597
008 - FIXED-LENGTH DATA ELEMENTS--GENERAL INFORMATION
fixed length control field 080123s2008 xxkad f s 000 0 eng d
035 ## - SYSTEM CONTROL NUMBER
System control number (Sirsi) u143597
041 0# - LANGUAGE CODE
Language code of text/sound track or separate title eng
050 04 - LIBRARY OF CONGRESS CALL NUMBER
Classification number 333.33 $2 18
110 2# - MAIN ENTRY--CORPORATE NAME
Corporate name or jurisdiction name as entry element Atisreal
9 (RLIN) 5337
245 00 - TITLE STATEMENT
Title Impact of the 2010 rating revaluation
Medium [electronic resource]
260 ## - PUBLICATION, DISTRIBUTION, ETC.
Place of publication, distribution, etc. [S.l.]
Name of publisher, distributor, etc. Atisreal
Date of publication, distribution, etc. 2008
520 ## - SUMMARY, ETC.
Summary, etc. Attempts to assess the likely impact of the 2010 revaluation of rateable values for commercial properties in Britain. Focuses on offices, retail and industrial. Uses data from prime rents. Reports that any new rents set around 1 April 2008 will be crucial in determining 2010 rateable values and future rates liability. Concludes that overall rateable values will increase, with office occupiers in central London and some regional centres likely to experience the biggest increases. Expects the industrial sector to have the lowest increase.
590 ## - LOCAL NOTE (RLIN)
Local note KA
651 #4 - SUBJECT ADDED ENTRY--GEOGRAPHIC NAME
Geographic name Europe
690 ## - LOCAL SUBJECT ADDED ENTRY--TOPICAL TERM (OCLC, RLIN)
Topical term or geographic name as entry element PROPERTY-COMMERCIAL PROPERTY-COMMERCIAL PROPERTY TAXATION-BUSINESS RATES
856 40 - ELECTRONIC LOCATION AND ACCESS
Uniform Resource Identifier <a href="https://www.atisreal.com /">https://www.atisreal.com /</a>
Public note View this report free of charge under market research at www.atisreal.com...
942 ## - ADDED ENTRY ELEMENTS (KOHA)
Suppress in OPAC 0
Holdings
Withdrawn status Lost status Source of classification or shelving scheme Damaged status Not for loan Home library Current library Shelving location Date acquired Total Checkouts Full call number Barcode Date last seen Copy number Price effective from Koha item type
    Dewey Decimal Classification     Virtual Virtual Online 20/05/2008   ONLINE PUBLICATION 143597-2001 06/08/2019 1 06/08/2019 Book